000 00687nam a2200193 a 4500
003 0
005 20250508151740.0
008 021107s19uu xx 00 eng d
050 _aPGS SF 426.5
_b.B814 2002
100 _aBrakmore-Canterbury, Mitzi Ortega.
245 _aHow selected grade 4 students care for their dogs /
_cMitzi Ortega Brakmore-Canterbury.
260 _aLas PiƱas City, Philippines :
_bSouthville International School and Colleges,
_c2002.
300 _a18 pages :
_billustrations ;
_c28 cm.
504 _aIncludes bibliographical references.
650 _aDogs
_vCare.
650 _aPet ownership
_vChildren.
650 _aChildren and animals.
942 _2lcc
_cPASS
999 _c96604
_d96604